[Event "POL-chT U20 2nd League"]
[Site "Sypniewo"]
[Date "2025.06.20"]
[Round "3.64"]
[White "Nguyen, Kajetan Linh"]
[Black "Kosecki, Kacper"]
[Result "1-0"]
[WhiteElo "1714"]
[BlackElo "1501"]
[PlyCount "63"]
[EventDate "2025.06.18"]
[EventType "team-swiss"]
[EventRounds "9"]
[EventCountry "POL"]
[SourceTitle "CB27_2025"]
[SourceDate "2025.07.02"]
[SourceVersion "1"]
[SourceVersionDate "2025.07.02"]
[SourceQuality "1"]
[WhiteTeam "Warszawa Czternastka III"]
[BlackTeam "Bydgoszcz Chemik"]
[WhiteTeamCountry "POL"]
[BlackTeamCountry "POL"]

1. e4 c5 2. Nc3 d6 3. f4 Nf6 4. Bb5+ Nbd7 5. Nf3 a6 6. Bxd7+ Qxd7 7. d3 e6 8. 0-0 Be7 9. a4 0-0 10. Qe1 b6 11. Bd2 Bb7 12. Ne2 Rab8 13. Ng3 e5 14. Nf5 exf4 15. Bxf4 Rbc8 16. Qh4 Nd5 17. Nxe7+ Nxe7 18. Qg3 d5 19. Ne5 Qe6 20. exd5 Qxd5 21. Nc4 Rc6 22. Nd6 Ba8 23. b3 Rd8 24. Ne4 Rg6 25. Qf2 Nc6 26. Bc7 Rd7 27. Bxb6 Ne5 28. Bxc5 Ng4 29. Qe2 Nf6 30. Nxf6+ gxf6 31. Qe8+ Kg7 32. Qf8# 1-0